00285nam a2200121Ia 45000030006000000080041000060400015000471000015000622450038000772600019001155460012001340050017001460STCL150530s9999 xx 000 0 und d aSTCLcSTCL aPuri, A.N. aNew numerical examples in physics bAtma Ramc1975 aEnglish20220125170114.0